000 00596nam a2200169Ia 4500
008 090711s9999 xx 000 0 und d
082 _b69116
100 _aसोनवणी संजय
245 _aआभाळात गेलेली माणसं
260 _bदिलीपराज प्रकाशन
_c1992
300 _a124
600 _aसोनवणी संजय
630 _aआभाळात गेलेली माणसं
700 _aसोनवणी संजय
730 _aआभाळात गेलेली माणसं
942 _cBOOK
999 _c303943
_d303943